000 00715nam a2200217Ii 4500
003 JO-AjNU
008 230606s9999||||xx |||||||||||||| ||und||
020 _a978-0-470-50702-5
040 _aJO-AjNU
_beng
_erda
_cJO-AjNU
041 _aeng
050 1 4 _aHF5679.M62 2010
100 3 _aBagranoff,Nancy A / Simkin,Mark G / Norman,Carolyn Strand,
_eauthor
_9445
245 0 0 _aCore Concepts of Accounting Information Systems
250 _a11th ed
264 3 1 _a Hoboken: John Wiley andSons inc,2010
300 _a533p
_bIncludes glossary and indexes(p511-533)
336 _atext
_btxt
_2rdacontent
337 _aunmediated
_bn
_2rdamedia
338 _avolume
_bnc
_2rdacarrier
650 4 _aAccounting Information
_9446
999 _aE237
_c237
_d237